书目信息 |
| 题名: |
电子史话
|
|
| 作者: | 陈震寰 编著 | |
| 分册: | ||
| 出版信息: | 北京 电子工业出版社 1987 |
|
| 页数: | 181页 | |
| 开本: | 19cm | |
| 丛书名: | ||
| 单 册: | ||
| 中图分类: | TN-49 | |
| 科图分类: | ||
| 主题词: | 技术史-电子学 , 电子学-技术史 , 通信技术 , 无线电电子学 | |
| 电子资源: | ||
| ISBN: | ||
| 000 | 00694nam0 2200265 45 | |
| 001 | 0187006078 | |
| 005 | 20060426105013.15 | |
| 010 | @dCNY1.15 | |
| 091 | @a15290.476 | |
| 100 | @a19901117d1987 em y0chiy0121 ea | |
| 101 | 0 | @achi |
| 102 | @aCN@b110000 | |
| 105 | @ay z 000yy | |
| 200 | 10 | @a电子史话@Adian zi shi hua@f陈震寰编著@Fchen zhen huan bian zhu |
| 210 | @a北京@c电子工业出版社@d1987 | |
| 215 | @a181页@d19cm | |
| 606 | @a技术史-电子学 | |
| 606 | @a电子学-技术史 | |
| 606 | 0 | @a通信技术 |
| 606 | 0 | @a无线电电子学 |
| 690 | @aTN-49@v3 | |
| 701 | 0 | @a陈震寰@Achen zhen huan@4编著 |
| 801 | 0 | @aCN@b深圳图书馆@c20060426 |
| 801 | 2 | @aCN@bNLC@c20051216 |
| 905 | @dTN-49@e88 | |
| 电子史话/陈震寰编著.-北京:电子工业出版社,1987 |
| 181页;19cm |
| ISBN :CNY1.15 |
| ● |
| 相关链接 |
|
|
|
|
正题名:电子史话
索取号:TN-49/88
 
预约/预借
| 序号 | 登录号 | 条形码 | 馆藏地/架位号 | 状态 | 备注 |
| 1 | 0203552 | 202290350 | 密集书库/ [索取号:TN-49/88] | 在馆 | |
| 2 | 0203553 | 001347652 | 第三借阅区/ [索取号:TN-49/88] | 在馆 | |
| 3 | 0203554 | 001939335 | 第三借阅区/ [索取号:TN-49/88] | 在馆 | |
| 4 | 0203555 | 001347698 | 第三借阅区/ [索取号:TN-49/88] | 在馆 | |
| 5 | 0203556 | 202177198 | 密集书库/ [索取号:TN-49/88] | 在馆 |